Fußball: Gegner deutscher Mannschaften im Europapokalfinale - Statistiken

Allgemein
  • Dieses Quiz wurde 98 mal gespielt
  • Das Durchschnittsergebnis liegt bei 9 aus 20
Antwortstatistiken
Hint Antwort % Korrekt
Bayern München – Champions League 2012/13 Borussia Dortmund
81%
Bayern München – Champions League 2019/20 Paris Saint-Germain
81%
Bayern München – Champions League 2000/01 FC Valencia
77%
Eintracht Frankfurt – Europa League 2021/22 Glasgow Rangers
70%
Borussia Dortmund – Champions League 1996/97 Juventus Turin
70%
Schalke 04 – UEFA-Cup 1996/97 Inter Mailand
59%
Hamburger SV – EP der Landesmeister 1982/83 Juventus Turin
52%
Eintracht Frankfurt – UEFA-Cup 1979/80 Borussia Mönchengladbach
44%
Bayern München – UEFA-Cup 1995/96 Girondins Bordeaux
43%
Bayer Leverkusen – UEFA-Cup 1987/88 Espanyol Barcelona
35%
Werder Bremen – EP der Pokalsieger 1991/92 AS Monaco
34%
Bayern München – EP der Landesmeister 1973/74 Atlético Madrid
34%
1. FC Magdeburg – EP der Pokalsieger 1973/74 AC Mailand
32%
Borussia Dortmund – EP der Pokalsieger 1965/66 FC Liverpool
28%
Bayern München – EP der Landesmeister 1975/76 AS St.-Étienne
27%
Bayern München – EP der Landesmeister 1974/75 Leeds United
24%
Hamburger SV – EP der Pokalsieger 1976/77 RSC Anderlecht
20%
Borussia Mönchengladbach – UEFA-Cup 1978/79 Roter Stern Belgrad
19%
Borussia Mönchengladbach – UEFA-Cup 1974/75 Twente Enschede
19%
Bayern München – EP der Pokalsieger 1966/67 Glasgow Rangers
15%
Keine übereinstimmenden Quizze gefunden
Verteilung der Resultate
Anzahl Personen mit jedem Resultat
Perzentil nach korrekt beantworteten Fragen
Ihre Resultats-Entwicklung
Sie haben dieses Quiz noch nicht gespielt